| 000 | 01144nam a22003137i 4500 | ||
|---|---|---|---|
| 003 | EG-ScBUE | ||
| 005 | 20241212104034.0 | ||
| 008 | 220731s2023 ua f 000 0bara d | ||
| 017 | _a2022 / 5433 | ||
| 020 | _a9789778621303 | ||
| 040 |
_aEG-ScBUE _bara _erda _cEG-ScBUE _dEG-ScBUE |
||
| 082 | 0 | 4 |
_222 _a781.542 _bم و س |
| 100 | 1 |
_aالمنصور، خيرية، _eمؤلف. |
|
| 245 | 1 | 0 |
_aشرنقة شاهين / _cخيرية المنصور. |
| 250 | _aالطبعة الثانية. | ||
| 264 | 1 |
_aالجيزة، مصر : _bأطياف للنشر والتوزيع، _c2023. |
|
| 300 |
_a222 صفحة ؛ _c24 سم |
||
| 336 |
_2rdacontent _aنص _btxt |
||
| 337 |
_2rdamedia _aبدون وسيط _bn |
||
| 338 |
_2rdacarrier _aمجلد _bnc |
||
| 504 | _aيشتمل على إرجاعات ببليوجرافية. | ||
| 541 | _aBook from store. | ||
| 600 | 1 | 7 |
_2BUEsh _aشاهين، يوسف، _d1926-2008. |
| 650 | 7 |
_aالموسيقى التصويرية للأفلام. _2BUEsh |
|
| 650 | 7 |
_aالمخرجون السينمائيون _vتراجم. _2BUEsh |
|
| 653 |
_bARALIT _cDecember2024 |
||
| 655 | _vReading book | ||
| 942 | _2ddc | ||
| 999 |
_c30834 _d30805 |
||